Techníky obchodovania na komoditných burzách a vplyv komoditných búrz na medzinárodný obchod diplomová práca

Salvato in:
Dettagli Bibliografici
Autore principale: Hanušniak, Ondrej, 1994-
Ente Autore: Obchodná fakulta EU. Katedra medzinárodného obchodu
Altri autori: Steinhauser, Dušan, 1988-
Natura: Libro
Lingua:slovacco
Pubblicazione: Bratislava 2020
Tags: Aggiungi Tag
Nessun Tag, puoi essere il primo ad aggiungerne!!

MARC

LEADER 00000nbm a2200000 4500
001 0266274
005 20201008083236.1
041 0 |a slo 
044 |a SK 
245 1 0 |a Techníky obchodovania na komoditných burzách a vplyv komoditných búrz na medzinárodný obchod  |b diplomová práca  |c Ondrej Hanušniak ; školiteľ: Dušan Steinhauser 
264 1 |a Bratislava  |c 2020 
300 |a 64 s. 
100 1 |a Hanušniak, Ondrej, 1994- 
700 1 |a Steinhauser, Dušan, 1988- 
710 2 |a Obchodná fakulta EU. Katedra medzinárodného obchodu